00433nam a2200169Ia 4500008004100000020001500041041000800056082001700064100001700081245005100098250000600149260004800155300001200203440000600215650002500221700001700246210716s2003 xx 000 0 und d a8126113855 aeng a005.369 KUMA aKumar, Ajay. aEncyclopaedia of computer software technology. a1 aNew DelhibAnmol Publications Pvt Ltdc2003 avii,640 v2 aEmbedded Programming aKumar, Ajay.